The relations of landlord and tenant in England and Scotland / (Record no. 151726)

MARC details
000 -LEADER
campo de control de longitud fija 00642nam a2200169 i 4500
001 - NÚMERO DE CONTROL
campo de control 151726
003 - IDENTIFICADOR DE NÚMERO DE CONTROL
campo de control ES-MaACL
005 - FECHA Y HORA DE LA ÚLTIMA TRANSACCIÓN
campo de control 20230906204344.0
008 - DATOS DE LONGITUD FIJA--INFORMACIÓN GENERAL
campo de control de longitud fija 051005s1876 xxk | |||||||| ||eng d
040 ## - FUENTE DE CATALOGACIÓN
Centro catalogador/agencia de origen CAM
Lengua de catalogación spa
Centro/agencia transcriptor CAM
100 1# - ENTRADA PRINCIPAL--NOMBRE DE PERSONA
Nombre de persona Bear, William E.
9 (RLIN) 26781
245 14 - MENCIÓN DEL TÍTULO
Título The relations of landlord and tenant in England and Scotland /
Mención de responsabilidad, etc. by William E. Bear.
260 ## - PUBLICACIÓN, DISTRIBUCIÓN, ETC.
Lugar de publicación, distribución, etc. London [etc] :
Nombre del editor, distribuidor, etc. Cassell Petter & Galpin,
Fecha de publicación, distribución, etc. 1876.
300 ## - DESCRIPCIÓN FÍSICA
Extensión 131 p. ;
Dimensiones 18 cm.
651 #4 - PUNTO DE ACCESO ADICIONAL DE MATERIA--NOMBRE GEOGRÁFICO
Nombre geográfico Gran Bretaña-
Subdivisión general Política agraria.
9 (RLIN) 137197
852 ## - LOCALIZACIÓN
Ubicación ES-MaACL
Número de control de estantería T-1303-F-3
Nota libre -- Enc. hol. conservando la cub. original
-- -- Enc. en un vol. facticio
-- .- Donativo Bosch
Holdings
Estatus retirado Estado de pérdida Estado de daño No para préstamo Colección Biblioteca de origen Biblioteca actual Ubicación en estantería Fecha de adquisición Total de préstamos Signatura topográfica completa Código de barras Visto por última vez Precio de reemplazo Tipo de ítem Koha
        Colección de folletos Biblioteca del Ateneo de Madrid Biblioteca del Ateneo de Madrid Depósito folletos 17/01/2008   T-1303-F-3 1158352 23/02/2023 23/02/2023 Folleto